000 01080nam0a2200289 i 4500
001 RU\NLR\BIBL_A\011308663
005 20241102012932.0
010 _a9785442800937
_93000
021 _aRU
_b2016-95831
_96346
035 _a(NLR Aleph) 011308663
090 _a11010281
_c11010281
100 _a20170116d2016 k y0rusy50 ca
101 1 _arus
_ceng
102 _aRU
105 _aacb|z|||000yy
200 1 _aБелые медведи
_eестественная история исчезающего вида
_e[монография]
_fЯн Стирлинг
_g[пер. с англ.: Иван Ежов]
210 _aКазань
_cЗаман
_d2016
215 _a335 с.
_cцв. ил., портр., карт.
_d24
300 _aНа 3-й с. обл. авт.: адъюнкт-проф., д-р Ян Стирлинг
320 _aБиблиогр.: с. 328-335
606 _aБелые медведи
_91127522
_3RU\NLR\AUTH\66127986
686 1 _aЕ693.363.7Ur
700 1 _aСтирлинг
_bЯ.
_gЯн
942 _cBOOK
980 _aNBR